[Event "Moscow Aeroflot op-A"]
[Site "Moscow"]
[Date "2004.02.21"]
[Round "5"]
[White "Mamedov, Rauf"]
[Black "Ehlvest, Jaan"]
[Result "1/2-1/2"]
[WhiteElo "2468"]
[BlackElo "2602"]
[Annotator "Erenburg,S"]
[PlyCount "51"]
[EventDate "2004.02.17"]
[EventType "swiss"]
[EventRounds "9"]
[EventCountry "RUS"]
[SourceTitle "CBM 100"]
[Source "ChessBase"]
[SourceDate "2004.06.01"]
[SourceVersion "1"]
[SourceVersionDate "2004.06.01"]
[SourceQuality "1"]

1. e4 g6 2. d4 d6 3. Nc3 c6 4. Nf3 Bg7 5. h3 $5 Nf6 6. Bd3 ({Another
theoretical line is} 6. Bg5 {See 0-1 Eid,F-Svetushkin,D/Abu Dhabi 2003/CBM
97_01/[Erenburg] (44)}) 6... O-O 7. Qe2 $5 {White doesn't hurry with the
castle, but prepares to push the "e" pawn, making black's development more
difficult.} (7. O-O Nbd7 8. Be3 e5 {1-0 Nedev,T-Kutirov,R/Skopje 2002/CBM 88/
[Gofshtein,L] (34)}) 7... Qa5 $6 $146 {Unsuccessful move. Black's queen can be
attacked by white's light pieces, that will allow white to develop an
initiative. According to my database, this position appeared for the first
time. In the previous game black tried} (7... Qc7 8. e5 Nd5 9. Nxd5 cxd5 10.
Bf4 dxe5 11. Nxe5 Qb6 12. c3 $14 {0-1 Kostadinov,G-Orlov,G/Vancouver 1999/EXT
2000 (33)}) ({I would prefer} 7... Nbd7 {,as} 8. e5 {isn't dangerous for black,
in view of} dxe5 9. dxe5 Nd5 10. Nxd5 cxd5 11. e6 Nc5 $132) 8. Bd2 $1 {
emphasizing the defect of black's previous move.} e5 $2 {This is already
serious mistake, which allows white to realize a tactical trick.} ({Better was
} 8... Nbd7 $14) 9. Nb5 $1 Qd8 ({Black doesn't equalizes after} 9... Qb6 {
as well:} 10. Nxd6 exd4 (10... Qxb2 11. O-O exd4 12. Rfb1 Qa3 13. Bb4 $18) 11.
e5 Nd5 12. O-O $16) {[%tqu "En","Please find the tactical blow for white.","",
"","b5d6","",10]} 10. Nxd6 $1 exd4 11. e5 Nd5 (11... Nfd7 12. Bf4 $16 (12. e6
Ne5 13. exf7+ Kh8 14. Nxc8 $16)) 12. O-O $1 {White can be satisfied with the
results of the opening. He has a development advantage, more active pieces and
black suffers from lack of space.} ({Much worse is} 12. Nxd4 $2 Nd7 $132) 12...
Nd7 {Other continuations don't neutralize white's activity:} (12... c5 13. Be4
Be6 14. Nxb7 $16) (12... f6 13. exf6 Bxf6 14. Nxc8 Qxc8 15. Rae1 $16) 13. e6 $1
Ne5 (13... Nc5 14. exf7+ Kh8 15. Ne8 {[%cal Ge8g7] eliminating the important
bishop.}) 14. Nxe5 Qxd6 15. exf7+ Kh8 16. f4 $16 {White is a pawn up. His
pieces are located better than black's ones, therefore, white's advantage is
obvious.} (16. Rae1 {seems strong as well.}) 16... Bf5 17. Rae1 ({Maybe even
stronger was} 17. Bxf5 gxf5 18. Qd3 $1 Ne7 19. Rae1 $16) 17... Rad8 {getting
the rook into the game, and, at the same time, covering the d7 square.} 18. Qf2
({Again} 18. Bxf5 {deserves attention:} gxf5 19. Qd3 $16) 18... Ne7 19. g4 {
White decides to force black to take on d3, and, at the same time, to take
control over f5 square.} (19. Re2 $5 $16 {[%cal Gf1e1] comes to consideration.}
) 19... Bxd3 20. cxd3 c5 {defending the d4 pawn, thus, preparing Nd5.} 21. Nf3
$1 {transfering the knight to g5.} Bf6 {covering g5 square. Other
continuations could make black's position even worse:} (21... Rxf7 22. Ng5 $18)
(21... Nd5 22. Ng5 Ne3 23. Nxh7 Rxf7 24. Ng5 Re7 25. Qh4+ Kg8 26. Qh7+ Kf8 27.
Rf3 $16) 22. Ng5 $2 {throwing away all the advantage.} ({White should play} 22.
f5 $1 gxf5 (22... Rxf7 23. g5 $18) 23. g5 Bg7 24. Bf4 Qd7 (24... Qxf4 25. Rxe7
Qd6 26. Nh4 $1 $18) 25. Ne5 $16) 22... Bxg5 23. fxg5 Nd5 $2 {I don't believe
black didn't see the draw after 23...Rxf7. Probably Ehlvest already played for
a win!} ({Objectively,} 23... Rxf7 $1 {is stronger.} 24. Qxf7 (24. Bf4 Qd5 {
and black isn't worse.}) 24... Qg3+ $11) 24. h4 $2 {missing the last chance
for an advantage.} ({Of course, much better is} 24. Re2 $1 {[%cal Gf2e1]} Rd7
$140 25. Re8 Kg7 26. Qh4 Rdxf7 27. Qh6+ Kg8 28. Rxf7 Kxf7 29. Rxf8+ Qxf8 30.
Qxh7+ $16) 24... Rxf7 $1 25. Qxf7 Qg3+ 26. Kh1 1/2-1/2

[Event "Match/Nation BUL-DDR"]
[Site "Albena"]
[Date "1983.05.22"]
[Round "2.2"]
[White "Espig, Lutz"]
[Black "Tringov, Georgi Petrov"]
[Result "1-0"]
[WhiteElo "2425"]
[BlackElo "2455"]
[Annotator "Espig,L"]
[PlyCount "43"]
[EventDate "1983.05.21"]
[EventType "team-schev"]
[EventRounds "4"]
[EventCountry "BUL"]
[SourceTitle "EXT 2013"]
[Source "ChessBase"]
[SourceDate "2012.11.22"]
[SourceVersion "1"]
[SourceVersionDate "2012.11.22"]
[SourceQuality "1"]
[WhiteTeam "German Dem Rep"]
[BlackTeam "Bulgarien"]
[WhiteTeamCountry "DDR"]
[BlackTeamCountry "BUL"]

{SCHACH 8/1983 Seite 344 + Inf 35/(162)} 1. Nf3 g6 2. e4 Bg7 3. d4 d6 4. Nc3
Nf6 5. h3 O-O 6. Be3 b6 $6 (6... a6 $142 7. a4 b6) 7. Bc4 $5 {Die
theoretischen Werke berücksichtigen diesen Zug nur wenig} ({gegenüber} 7. Be2)
7... Bb7 $6 ({Schwarz könnte hier} 7... e6 {antworten, wonach wohl} 8. Bb3 {
folgerichtig wäre.}) ({Bei dem sofort möglichen Scheinopfer} 7... Nxe4 $6 {
behält Weiß nach} 8. Bxf7+ Rxf7 9. Nxe4 {etwas Initiative.}) 8. e5 $1 Ne4 $2 {
Das ist fast schon der Verlustzug.} (8... Ne8 {musste versucht werden.}) 9.
Nxe4 Bxe4 10. Ng5 $1 Bxg2 $6 ({Auch nach} 10... Bb7 11. Qg4 {stand Weiß
drohend. Bei dem leichtsinnigen Bauernraub freilich verschlimmert sich die
ohnehin kritische Lage noch mehr, und Schwarz sieht sich bald einem
unparierbaren Angriff gegenüber.}) 11. Rg1 Bb7 12. Qg4 e6 (12... dxe5 $6 13.
Nxh7 $1 Kxh7 14. Qh4+ Kg8 15. Rxg6 e6 16. Rxg7+ Kxg7 17. Qh6+ Kg8 18. O-O-O {
/\ Rg1+}) 13. O-O-O Nc6 (13... d5 14. Bd3 Ba6 {käme} 15. Bxg6 $1 hxg6 $6 16.
Qh4 {mit unwiderstehlichem Mattangriff. Schwarz hofft hier, die Stellung mit
Ne7 und Nf5 zu blockieren, aber es ist bereits zu spät, denn Weiß bringt ein
anderes durchschlagendes Opfer.}) 14. Bxe6 $1 fxe6 15. Qxe6+ Kh8 16. Nxh7 $1
Ne7 $6 {Was sonst?} 17. Nxf8 Qxf8 18. Rg4 $1 {Das endgültige Aus,} Nf5 ({da auf
} 18... Bf3 19. Rf4 {möglich ist.}) 19. Qxg6 Re8 20. Rg5 $1 Nxe3 $6 21. fxe3
Kg8 22. Rh5 {/\ Qh7+} 1-0

[Event "Berlin Mephisto 1st"]
[Site "Berlin East"]
[Date "1990.05.17"]
[Round "2"]
[White "Espig, Lutz"]
[Black "Mohr, Stefan"]
[Result "1-0"]
[WhiteElo "2475"]
[BlackElo "2425"]
[Annotator "Espig,L"]
[PlyCount "103"]
[EventDate "1990.05.16"]
[EventType "tourn"]
[EventRounds "9"]
[EventCountry "DDR"]
[EventCategory "11"]
[SourceTitle "EXT 1997"]
[Source "ChessBase"]
[SourceDate "1996.11.15"]
[SourceVersion "1"]
[SourceVersionDate "1996.11.15"]
[SourceQuality "1"]

{SCHACH 6/1990} 1. d4 d6 2. e4 g6 3. Nc3 Bg7 4. Be3 c6 5. a4 Nf6 6. h3 O-O 7.
Nf3 Nbd7 8. Be2 e5 9. dxe5 dxe5 10. Nd2 Qe7 11. Nc4 Rd8 12. Qd6 Qxd6 13. Nxd6
Bf8 14. O-O-O Nb6 15. Bc5 $1 Ne8 $8 16. Nxe8 Rxe8 (16... Rxd1+ $2 17. Rxd1 Bxc5
18. Nc7 Rb8 19. Rd8+ Kg7 20. a5 Nd7 21. Bg4 {und Weiss gewinnt.}) 17. Bxf8 Kxf8
18. a5 Nd7 19. Rd6 $1 {Die Drohung 20.a6 sichert Weiss deutlichen
Endspielvorteil.} Nc5 ({Nach} 19... a6 20. Na4 {nebst Bc4 wäre die schwarze
Stellung auch höchst unerfreulich.}) 20. a6 Ne6 21. axb7 Bxb7 22. Bc4 Ke7 23.
Rd2 Rad8 24. Bxe6 Kxe6 25. Na4 Ke7 26. c3 Bc8 27. h4 h6 28. Nc5 Rxd2 29. Kxd2
Kd6 30. Nd3 c5 31. Ra1 Re7 $2 {Verliert einen Bauern.} ({Mit} 31... c4 32. Nb4
Re7 33. Ra5 Be6 {konnte Schwarz mehr Widerstand leisten.}) 32. Ra5 Rc7 33. b4
cxb4 34. Rd5+ Ke6 35. Rxe5+ Kf6 36. cxb4 Ba6 37. Ra5 Bc4 38. Nc5 Bf1 39. g3 g5
40. hxg5+ hxg5 41. Ke3 Re7 42. Kd4 Kg6 43. Kd5 f6 44. Ra1 Bb5 45. Kd6 Rh7 46.
Ne6 Rb7 47. Nc5 Rh7 48. Ra5 Bc4 49. Nd7 Rh2 50. Rf5 Rh1 51. Rxf6+ Kg7 52. Rf5
1-0

[Event "Novak Nikolic Memorial 2nd"]
[Site "Belgrade"]
[Date "2000.02.04"]
[Round "2"]
[White "Pikula, Dejan"]
[Black "Popchev, Milko"]
[Result "1-0"]
[WhiteElo "2476"]
[BlackElo "2510"]
[Annotator "Finkel,A"]
[PlyCount "97"]
[EventDate "2000.02.02"]
[EventType "tourn"]
[EventRounds "11"]
[EventCountry "YUG"]
[EventCategory "11"]
[SourceTitle "CBM 076"]
[Source "ChessBase"]
[SourceDate "2000.05.31"]
[SourceVersion "1"]
[SourceVersionDate "2000.05.31"]
[SourceQuality "1"]

1. e4 g6 2. d4 Bg7 3. Nc3 c6 4. Nf3 d6 5. h3 Nf6 6. Be3 O-O 7. Qd2 b5 8. Bd3 (
8. a3 a6 9. Be2 Qc7 10. O-O Nbd7 11. Rfe1 Bb7 12. Bf1 Rad8 13. Bh6 e5 $132 {
Van Hul,C-Delemarre,J/Antwerpen op 1996}) 8... Nbd7 9. Ne2 $6 {I think that in
any case this variation doesn't promise white anything special,but after this
careless move only black can get an upper hand.} (9. Bh6 a6 10. h4 Ng4 $6 11.
Bxg7 Kxg7 12. h5 Rh8 13. Qf4 $16 {Miller,G-Bates,R/ENG-chT9697}) (9. g4 $6 b4
10. Ne2 c5 11. c3 bxc3 12. bxc3 Rb8 13. Bh6 Qa5 $13 {Misa Juncal,A-Martinez
Rodriguez,P/Mondariz op 1997}) 9... e5 10. c3 d5 ({After} 10... Re8 $5 11. Ng3
d5 12. dxe5 Nxe5 (12... Nxe4 $6 13. Nxe4 dxe4 14. Bxe4 Bb7 15. O-O-O $14) 13.
Nxe5 dxe4 $1 $132 {black is also o'kay,but too many pieces are exchanged and a
draw seems the most likely result.}) 11. dxe5 (11. exd5 $2 e4 12. dxc6 Nb6 13.
Bxb5 exf3 14. gxf3 Qd5 $17 {[%cal Gd5b5,Gd5f3]}) 11... Nxe4 12. Qc2 Ndc5 (12...
Nxe5 13. Nxe5 Bxe5 14. Bxe4 dxe4 15. Qxe4 Qc7 16. Bd4 Bd6 $13) 13. Ned4 Nxd3+
14. Qxd3 Bd7 15. O-O Re8 ({Another promising possibility was} 15... Qe7 $5 16.
Bf4 a6 17. b4 c5 18. bxc5 Qxc5 19. Rac1 Rac8 $15) 16. Bf4 Qb6 17. b4 a5 18. Nb3
Bf5 $36 (18... axb4 19. cxb4 Bf5 20. Qd4) 19. bxa5 ({Much worse is} 19. Qd4
Qxd4 20. Nfxd4 a4 $1 (20... Nxc3 21. bxa5 Bxe5 22. Bxe5 Rxe5 23. Nxc6 Ne2+ 24.
Kh2 Re6 $11) 21. Nxf5 gxf5 22. Nd4 Rac8 23. f3 Nxc3 24. Rfc1 c5 $1 $17 {
and white is in troubles.}) 19... Qa7 20. Qd4 c5 $5 21. Qe3 $6 ({Deserved
attention} 21. Qxd5 $5 Rad8 (21... Nxc3 22. Qd2 b4 23. Be3 $13) 22. Qc6 Nxc3
23. Be3 $13 {[%cal Ge3a7] and despite of the fact that white queen is in
danger zone the position remains unclear.}) 21... f6 $1 22. e6 $8 (22. exf6
Bxf6 $17 {[%cal Ge8e3,Ge4g3,Ge4c3]}) 22... Bxe6 (22... g5 $6 23. Bh2 Bxe6 24.
Nfd2 Nxd2 25. Qxd2 Bf7 26. f4 $36) 23. Nfd2 Bf7 24. Nxe4 Rxe4 25. Qd2 f5 (25...
b4 $5 26. cxb4 (26. Bd6 bxc3 27. Qxc3 c4 28. Nd2 Re6 $17) 26... Rxb4 27. Bd6
Rb5 28. Rfe1 c4 29. Nd4 Qxa5 $17) 26. Be3 Rc4 27. Rac1 Qc7 ({Black could win
the pawn after} 27... d4 28. cxd4 cxd4 29. Bh6 Rxc1 30. Rxc1 Bxh6 31. Qxh6 Bxb3
32. axb3 Qxa5 $17 {,but exposed position of the king would seriously spoil
white's winning chanses.}) 28. f3 Rc8 29. Rfe1 Qd6 30. Bf2 Bf6 (30... Ra4 31.
Re2 c4 32. Nd4 Rxa5 33. Rb1 $44) 31. Kh1 Ra4 32. Be3 f4 33. Bg1 g5 34. Rcd1 Rc4
35. Rc1 Bg7 36. Red1 h5 37. Qd3 Qe6 (37... Re8 $2 {[%csl Rc5]} 38. Nd2 Ra4 39.
Qxb5 Rxa2 40. Bxc5 Qb8 41. Bb6 $16) 38. Re1 Qf6 39. Nd2 Rxc3 40. Qxb5 Qc6 $6 {
The right idea in the wrong place:black should force the exchange of queens on
b2.} (40... Rxc1 41. Rxc1 c4 42. a6 Qb2 $1 43. Qxb2 (43. Qb7 Re8 $1) 43... Bxb2
44. Rc2 Bf6 $17) 41. a4 $1 $132 {Now white gets sufficient counterplay.} c4 (
41... Rxc1 42. Rxc1 c4 43. a6 Qa8 44. Qb7 c3 45. Nb3 Rb8 46. Qxa8 Rxa8 47. a7
$13) 42. a6 Ra3 43. Qxc6 Rxc6 44. a7 Rxa4 45. Rb1 Bc3 $2 {Probably missing the
brilliant reply of white,which drustically changes the position.} (45... Rc8
46. Rb8 Rf8 47. Bc5 $18) (45... Rca6 46. Rb8+ Kh7 47. Re7 Kg6 48. Rbb7 Rf6 $13)
46. Re7 $1 Bxd2 47. Bd4 $3 Rc8 (47... Be3 $2 48. Rb8+ Kh7 49. Rxf7+ Kg6 50.
Rg7+ Kf5 51. Rf8+ Ke6 52. Rf6#) 48. Rb8 Rf8 49. Re5 $1 $16 {It was too early
to give up-it's true that position is winning for white,but the wat to win is
far from being simple:} (49. Re5 Bg6 50. Bc5 $1 (50. Rxg5 Kf7 (50... Be3 51.
Rxg6+ Kh7 52. Rg7+ Kh6 53. Rb6+ $18) 51. Rb7+ (51. Rxg6 Kxg6 52. Rxf8 Be3 53.
a8=Q Rxa8 54. Rxa8 Bxd4 55. Rd8 c3 56. Rxd5 Be3 57. Rd6+ Kg5 58. Rc6 $18) 51...
Ke6 52. Rxg6+ Kf5 53. Rb8 Kxg6 54. Rxf8 Be3 55. a8=Q Rxa8 56. Rxa8 Bxd4 57. Rd8
$16) 50... Rxa7 $1 51. Rxf8+ Kg7 52. Bxa7 Kxf8 53. Rxd5 c3 54. Bc5+ Kf7 55. Bb4
$18) 1-0

[Event "EU-ch 2nd"]
[Site "Ohrid"]
[Date "2001.06.05"]
[Round "5"]
[White "Czebe, Attila"]
[Black "Sturua, Zurab"]
[Result "1/2-1/2"]
[WhiteElo "2502"]
[BlackElo "2600"]
[Annotator "Finkel,A"]
[PlyCount "114"]
[EventDate "2001.06.01"]
[EventType "swiss"]
[EventRounds "13"]
[EventCountry "YUG"]
[SourceTitle "CBM 084"]
[Source "ChessBase"]
[SourceDate "2001.09.13"]
[SourceVersion "1"]
[SourceVersionDate "2001.09.13"]
[SourceQuality "1"]

1. e4 d6 2. d4 Nf6 3. Nc3 g6 4. Nf3 Bg7 5. Be2 O-O 6. O-O c6 7. a4 Nbd7 8. Be3
e5 9. Nd2 {With this move white can't fight for opening advantage, but it does
leads to interesting complications!} (9. dxe5 dxe5 (9... Nxe5 10. Nxe5 dxe5 11.
Qxd8 (11. a5 Qe7 12. f3 Rd8 13. Qe1 Nh5 14. Bc4 Nf4 15. Kh1 Be6 16. Bxe6 Nxe6
17. Qf2 Nd4 $11 {Tukmakov,V-Gurieli,N/Katerini 1992/CBM 32 ext}) 11... Rxd8 12.
Rfd1 Rxd1+ 13. Rxd1 Be6 {1/2-1/2 Okhotnik,V-Gavrikov,V/Prague 1988/EXT 97 (13)}
(13... Be6 14. f3 Bf8 15. b3 Be7 16. Kf2 a6 17. Nb1 b5 18. Nd2 Nd7 $11 {
Lupu,M-Marin,M/Sovata 1998/EXT 99})) 10. a5 (10. Nd2 Qe7 11. Nc4 Rd8 12. Qd6
Bf8 13. Rfd1 Qxd6 14. Nxd6 Kg7 15. a5 Be7 16. Bc4 Ng4 17. Bc1 Nc5 $11 {Adamski,
J-Petran,P/Rimavska Sobota 1975/MCD}) 10... Qe7 11. Qd3 Ng4 12. Bg5 f6 13. Qc4+
Rf7 14. Bc1 Nb8 15. Qb3 Be6 16. Bc4 Bxc4 17. Qxc4 Na6 18. Rd1 $14 {Jerez Perez,
A-Movsziszian,K/Paretana 2000/EXT 2001}) (9. Qd2 exd4 10. Bxd4 Re8 11. Bc4 Nxe4
12. Nxe4 Rxe4 13. Bxg7 Kxg7 14. Bxf7 Ne5 $11 {Jerez Perez,A-Fernandez,G/
Barcelona 2000/CBM 77 ext}) 9... Ng4 $1 {This move is the main reason why 9.
Nd2 can't be recommended. Now white finds himself on defensive, but he has
enough resaurses to keep the balnce.} (9... Qe7 10. d5 Ne8 11. Nc4 c5 12. Qd2
f5 13. exf5 gxf5 14. Bg5 Ndf6 15. Nb5 Qd7 16. f3 Rf7 $132 {Czebe,A-Mester,G/
HUN-chT 9394 1994/TD}) 10. Bxg4 (10. dxe5 $2 Nxe3 11. fxe3 Nxe5 $15) 10... exd4
11. Bxd4 $8 Bxd4 12. Nc4 Qf6 $5 {After this move it becomes clear that black
is the one who fights for opening advantage.} (12... Bxc3 $5 13. bxc3 Nb6 14.
Nxb6 Bxg4 15. Qxg4 axb6 $11) 13. Ne2 Bxb2 (13... Bc5 $5 14. Bxd7 Bxd7 15. e5 {
[%cal Gd1d7]} Qe6 16. Nxd6 Bc8 $1 {[%csl Re5]} (16... Qxe5 $6 17. Nxb7 Bg4 18.
Nxc5 Bxe2 19. Re1 $1 $16 {[%cal Ge1e5]}) 17. Ne4 Qxe5 18. Nxc5 Qxc5 $11) 14.
Bxd7 $5 (14. Nxb2 Qxb2 15. Rb1 Qf6 16. Bxd7 Bxd7 17. Rxb7 Rfd8 $13) 14... Bxd7
(14... Bxa1 $6 15. Bxc8 Raxc8 16. Qxa1 Qxa1 17. Rxa1 d5 18. exd5 cxd5 19. Ne3
$14) 15. Rb1 Be5 16. f4 Qe6 $8 17. Qd3 (17. fxe5 $6 Qxc4 18. exd6 Qxe4 19. Rxb7
Bg4 20. Re1 Rad8 $15) 17... b5 $6 {After this move white is out of danger, so
better was} (17... Bg7 $1 18. Nxd6 (18. Rxb7 $6 d5 19. Ne5 Bc8 20. Nd4 Qd6 $17)
18... b6 19. e5 c5 (19... f6 20. Nd4 Qd5 21. c4 Qc5 22. Ne4 Qe7 23. exf6 Bxf6
24. Nxf6+ Qxf6 $13) 20. a5 Rab8 21. axb6 axb6 $15 {[%cal Gf7f6]}) 18. Nxe5 dxe5
19. Rbd1 $5 Rfd8 20. f5 $36 {Strong initiative fully compensates white for the
lack of the pawn and in the nearest future black will have to give it back to
reduce white's pressure.} Qe7 (20... Qf6 21. axb5 cxb5 22. fxg6 Qxg6 23. Nc3
$44 {[%cal Gc3d5]}) 21. Qe3 $1 {[%csl Gc5] Taking under control square c5} f6
$6 {After this move black has to give up the pawn and the draw becomes
inevitable. Better was} (21... bxa4 $1 {[%csl Gd5] keeping under control
square d5.}) 22. fxg6 hxg6 23. axb5 cxb5 24. Nc3 {[%cal Gc3d5]} Be6 25. Nxb5 $1
Bc4 26. Rfe1 Rxd1 (26... Bxb5 27. Qb3+ Kg7 28. Qxb5 Rxd1 29. Rxd1 Rd8 $11) 27.
Rxd1 Rd8 28. Ra1 $5 Bxb5 29. Qb3+ Kg7 30. Qxb5 $11 {The position is completly
equal and a draw agreemet is just a question of time.} Rd7 31. h3 Qd6 32. Kh2
Rc7 33. Qb8 Qb6 34. Qd8 Rf7 35. Qd3 Qc5 36. Rb1 Qd4 {Forcing additional
exchanges.} 37. Qxd4 exd4 38. Rd1 Rc7 39. Rxd4 Rxc2 40. Rd7+ Kf8 41. Rxa7 Rc4
42. e5 fxe5 43. Kg3 Rf4 44. Ra5 Rf5 45. Kh4 Rh5+ 46. Kg4 Rf5 47. Ra7 Kg8 48.
Kh4 Rh5+ 49. Kg3 Rf5 50. Kh2 Kf8 51. g4 Rf3 52. Kg2 Re3 53. Rb7 Kg8 54. h4 Kf8
55. g5 Re4 56. Kg3 Re3+ 57. Kf2 Re4 1/2-1/2

[Event "Olympiad-33"]
[Site "Elista"]
[Date "1998.10.02"]
[Round "4.2"]
[White "Short, Nigel D"]
[Black "Irzhanov, Ruslan"]
[Result "1-0"]
[WhiteElo "2670"]
[BlackElo "2535"]
[Annotator "Finkel,A"]
[PlyCount "43"]
[EventDate "1998.09.29"]
[EventType "team-swiss"]
[EventRounds "13"]
[EventCountry "RUS"]
[SourceTitle "CBM 068"]
[Source "ChessBase"]
[SourceDate "1999.02.01"]
[SourceVersion "1"]
[SourceVersionDate "1999.02.01"]
[SourceQuality "1"]
[WhiteTeam "England"]
[BlackTeam "Kazakhstan"]
[WhiteTeamCountry "ENG"]
[BlackTeamCountry "KAZ"]

{[%mdl 10432]} 1. e4 {Ftacnik McShane} g6 2. d4 Bg7 3. Nc3 d6 4. Be3 c6 5. Nf3
(5. Qd2 b5 6. Bd3 Nd7 {guarding the e5 square is more common and more wise.})
5... Nf6 6. Qd2 b5 7. Bd3 $5 {This variation became extremly popular lately
and as shows the following game black still didn't come up with proper answer.}
Bg4 8. e5 $1 {This move beyond any doubt is the most problematic for black.
White has tried different continuation,but none of them promises clear
advantage.Let's see a couple of examles:} (8. Ng1 $5 e5 9. h3 exd4 10. Bxd4 Be6
11. a3 O-O 12. Nf3 a6 13. O-O c5 14. Be3 Re8 $11 {and black doesn't have any
problems;Hebden,M-Azmaiparashvili,Z;Oviedo 1993}) (8. O-O-O Nbd7 9. h3 Bxf3 10.
gxf3 a5 11. f4 b4 12. Na4 Nb6 13. Nxb6 Qxb6 $132 {with very good counterplay;
Adams,M-Hodgson,J;Hastings 1994}) 8... b4 9. Ne4 {The knight is much more
usefull on e4,and in the following game we'll understand exactly why!} (9. Ne2
$6 Nd5 10. Bh6 O-O 11. h4 Bxf3 12. gxf3 dxe5 13. h5 Bf6 $1 {The only,but quiet
sufficient defense.} 14. hxg6 hxg6 15. Bxf8 Qxf8 $44 {and black has strong
counterplay due to darksquared bishop;Apicella,M-Hickl,J; FRA-GER 1996}) 9...
Nd5 {'?!' Ftacnik. Ftacnik: 'Black is to generous with time in a position
where white enjoys good attacking chances. The exchange of knights must be the
correct answer.'} ({Natural} 9... Nxe4 10. Bxe4 d5 (10... Bxf3 11. Bxf3 dxe5
12. O-O-O a5 13. d5 $1 {when black is in trouble, e.g.} Qc7 14. d6 exd6 15.
Qxd6 Qxd6 16. Rxd6 {as white will win back at least a pawn with advantage.})
11. Bd3 Bxf3 12. gxf3 a5 13. h4 Nd7 14. h5 Qb6 15. c4 $1 $16 {braught to
significient advantage of white in Leko,P-Beliavsky,A; Madrid 1998 so black
tries something else,but it proves to be even more dangerous.}) 10. Bh6 O-O (
10... Bxh6 11. Qxh6 Bxf3 12. gxf3 dxe5 (12... Qc7 13. Qg7 Rf8 14. exd6 exd6 15.
Qxh7 Nd7 16. Qh4 $16) 13. dxe5 (13. Qg7 {Ftacnik} Rf8 14. Ng5 Nf6 15. dxe5 Nh5
(15... Qd5 16. exf6 Qxg5 17. fxe7 Qxe7+ 18. Kf1 $18) 16. Qxh7 Qd5 17. O-O-O
Qxe5 18. Nxf7 $1 Qf4+ 19. Kb1 Nf6 20. Bxg6 $18) 13... Qc7 14. Qg7 (14. e6 Qe5
$1 15. exf7+ Kxf7 16. O-O-O Qf4+ 17. Qxf4+ Nxf4 18. Bc4+ $14) 14... Rf8 15.
O-O-O Nf4 16. Bc4 $16) 11. h4 $1 {McShane: 'The attack is very hard to deal
with.'} Bxf3 $2 {After this move black's position is hopeless.Deserved
attention} (11... f5 $5 12. Bxg7 Kxg7 (12... fxe4 13. Bxf8 exd3 14. Bh6 Bxf3
15. gxf3 dxc2 16. Qxc2 $16) 13. Neg5 (13. Ng3 Bxf3 14. gxf3 f4 15. Ne4 dxe5 16.
dxe5 Nd7 17. Ng5 Nxe5 18. O-O-O Qd7 $13) 13... Qc8 14. c4 bxc3 15. bxc3 $36 {
with defendable position.}) 12. gxf3 $16 dxe5 ({Doesn't work} 12... f5 13. Bxg7
Kxg7 14. Ng5 Qc8 15. h5 h6 16. hxg6 $1 hxg5 17. Qxg5 Rh8 18. O-O-O $18 {
[%cal Gh1h7] and white has decisive attack.}) (12... Re8 {Ftacnik} 13. h5 Bh8
14. hxg6 hxg6 15. e6 $1 $18) 13. h5 {'!' McShane. McShane: 'White goes all out
for the attack on the king.'} Bf6 {It's hard to offer something better.
Ftacnik: 'Black struggles to stay afloat in face of the model attack with
opening of the h file.'} ({Apart from} 13... Nf4 14. Bxg7 Kxg7 15. dxe5 Nxd3+ (
15... Nxh5 16. Rxh5 gxh5 17. Qg5+ Kh8 18. Nf6 exf6 19. Qf5 {wins}) 16. cxd3 Rh8
17. Qxb4 {when white stands very well, there is no other option, as the threat
of hxg6 and Bxg7 followed by Qh6+ is very hard to meet.}) 14. Nxf6+ exf6 15.
hxg6 fxg6 16. Bxf8 Qxf8 {McShane: 'The smoke clears, leaving White an exchange
up. Black hopes however that he has succeeded in defusing the attack, but it's
still alive and kicking.'} 17. dxe5 $18 {White is an exchange up and in
addition to it the attack is not over yet!} Nd7 (17... fxe5 18. O-O-O Nd7 19.
Bb5 $1 $18 {[%csl Rd5]}) 18. Be4 N7b6 19. exf6 Qxf6 20. Qh6 {Ftacnik: 'What is
black's compensation for the lost material?'} Qf7 21. O-O-O Nf6 22. Bxg6 $1 1-0